Normal view
MARC view
- New business enterprises
Entry Topical Term
001 - CONTROL NUMBER
- control field: 118521
003 - CONTROL NUMBER IDENTIFIER
- control field: NUST
005 - DATE AND TIME OF LATEST TRANSACTION
- control field: 20231020194748.0
008 - FIXED-LENGTH DATA ELEMENTS
- fixed length control field: 231020|| aca||aabn | a|a d
040 ## - CATALOGING SOURCE
- Original cataloging agency: NUST
- Transcribing agency: NUST
150 ## - HEADING--TOPICAL TERM
- Topical term or geographic name entry element: New business enterprises
- Topical term or geographic name entry element: Entrepreneurship
670 ## - SOURCE DATA FOUND
- Source citation: Work cat.: (NUST): Barringer, Bruce R. Ireland, R. Duane 65887, Entrepreneurship : successfully launching new ventures/, 2022.
